Music Quiz

Random Music or Lyrics Quiz

Guess the Arcade Fire lyrics (Easy) Quiz Stats

 Plays Quiz not verified by Sporcle

Support Sporcle.
Go Orange.
Score 0/196 Timer 08:00
0 Plays Today
% Correct
And
96.5%
the
96.5%
And
96.5%
a
96.5%
a
96.5%
the
96.5%
and
96.5%
the
96.5%
the
96.5%
the
96.5%
And
96.5%
and
96.5%
the
96.5%
the
96.5%
the
96.5%
a
96.5%
the
96.5%
the
96.5%
and
96.5%
and
96.5%
the
96.5%
the
96.5%
the
96.5%
a
96.5%
The
96.5%
the
96.5%
and
96.5%
the
96.5%
the
96.5%
I
95.5%
I
95.5%
you.
84.7%
you
84.7%
You
84.7%
You
84.7%
you
84.7%
You
84.7%
you
84.7%
we
78.8%
we
78.8%
we
78.8%
we
78.8%
we
78.8%
we
78.8%
we
78.8%
to
78.6%
to
78.6%
to
78.6%
to
78.6%
to
78.6%
to
78.6%
to
78.6%
to
78.6%
in
76.4%
in
76.4%
in
76.4%
in
76.4%
my,
71.9%
my
71.9%
my
71.9%
my
71.9%
my
71.9%
my
71.9%
my
71.9%
my
71.9%
me
69.2%
% Correct
of
64.9%
of
64.9%
of
64.9%
of
64.9%
of
64.9%
if
64.8%
if
64.8%
are
64.3%
from
63.3%
from
63.3%
from
63.3%
then
62.8%
Then
62.8%
Then
62.8%
Then
62.8%
no
62.2%
all
61%
all
61%
all
61%
all
61%
tunnel
60.3%
tunnel
60.3%
our
59.4%
our
59.4%
our
59.4%
our
59.4%
our
59.4%
our
59.4%
window
59.1%
window
59.1%
parents
58.2%
parents'
58.2%
parents
58.2%
know.
57.4%
know
57.4%
neighborhood
57.1%
dig
56.9%
I'll
56.5%
used
55.5%
used
55.5%
out
55.1%
out
55.1%
out
55.1%
snow
55.1%
snow.
55.1%
Yeah
54.6%
what
54.1%
day
51.3%
day
51.3%
As
51.3%
As
51.3%
head
50.6%
head
50.6%
hear
50.1%
but
50.1%
But
50.1%
hear
50.1%
forgot
50%
grows
50%
grows
50%
grow
49.8%
sleepin'
49.6%
sleepin'
49.6%
names
49.2%
names
49.2%
ever
49%
% Correct
name
48.8%
that,
48.4%
friends
48.2%
middle,
48%
middle
48%
town.
47.9%
them?
47.7%
change
47.1%
change
47.1%
bedrooms
47%
bedrooms
47%
bedrooms
47%
meet
46.7%
crying
46.1%
living
45.5%
think
45.5%
one
44.9%
buries
44.6%
let
44.2%
forget
43.9%
climb
43.7%
chimney
43.5%
babies
43.5%
long
43.4%
happened
43.3%
skin
43.3%
hair
43.1%
thicker
42.9%
gets
42.8%
gold
40.9%
remember
40.9%
sing
40.8%
sing
40.8%
dim
40.1%
dim
40.1%
around
40%
golden
39.6%
golden
39.6%
there's
38.4%
hymn.
38.2%
hymn.
38.2%
tried
36.8%
lead
36.7%
lead
36.7%
else
35.9%
Well
34.5%
sometimes
34.4%
since
32.5%
mind
30.2%
mine!
30.1%
heart
29.4%
ashes
29.3%
this
28.8%
colors,
28%
colors
28%
Purify
26%
purify
26%
say.
25.5%
song
24.6%
spread
23.8%
over
20.7%
I've
18.9%
been
18.8%
trying
16.4%

You're not logged in!

Compare scores with friends on all Sporcle quizzes.
OR
Log In

From the Vault

Code Cracker! XXV

by hockeystix3

This is no time for wisecracking.
Remove Ads.
Support Sporcle.
Get the best of Sporcle when you Go Orange. This ad-free experience offers more features, more stats, and more fun while also helping to support Sporcle. Thank you for becoming a member.

Show Comments

Extras

Top Quizzes Today


Score Distribution

Your Account Isn't Verified!

In order to create a playlist on Sporcle, you need to verify the email address you used during registration. Go to your Sporcle Settings to finish the process.

Report this User

Report this user for behavior that violates our Community Guidelines.

Details: